Food protein deteriaration : Mechanisams and functionality / (Record no. 1526)
[ view plain ]
| 000 -LEADER | |
|---|---|
| fixed length control field | 00460cam a2200169ua 4500 |
| 020 ## - INTERNATIONAL STANDARD BOOK NUMBER | |
| ISBN | 0-8412-0751-8 |
| 041 ## - LANGUAGE CODE | |
| Language code of text/sound track or separate title | eng |
| 082 ## - DEWEY DECIMAL CLASSIFICATION NUMBER | |
| Classification number | 664 |
| Item number | CHE/FO |
| 100 ## - MAIN ENTRY--AUTHOR NAME | |
| Personal name | Cherry, John.P . |
| 245 ## - TITLE STATEMENT | |
| Title | Food protein deteriaration : Mechanisams and functionality / |
| 250 ## - EDITION STATEMENT | |
| Edition statement | 1 / |
| 260 ## - PUBLICATION, DISTRIBUTION, ETC. (IMPRINT) | |
| Place of publication | Washington : |
| Name of publisher | AmerIcan chemical society , |
| Year of publication | 1982. |
| 300 ## - PHYSICAL DESCRIPTION | |
| Number of Pages | 444 ; . |
| 942 ## - ADDED ENTRY ELEMENTS (KOHA) | |
| Koha item type | Books |
| Withdrawn status | Lost status | Damaged status | Home library | Current library | Date acquired | Full call number | Accession Number | Koha item type |
|---|---|---|---|---|---|---|---|---|
| KAUAET | KAUAET | 26/03/1987 | 664 | 16125 | Books |
